书目信息 |
| 题名: |
药物分子设计
|
|
| 作者: | 郭宗儒 著 | |
| 分册: | ||
| 出版信息: | 北京 科学出版社 2005 |
|
| 页数: | ||
| 开本: | 26cm | |
| 丛书名: | ||
| 单 册: | ||
| 中图分类: | R962 | |
| 科图分类: | ||
| 主题词: | 药理学 | |
| 电子资源: | ||
| ISBN: | 7-03-015072-4 | |
| 000 | 00485nam0 2200181 450 | |
| 001 | 0754114953 | |
| 005 | 20070929150154.95 | |
| 010 | @a7-03-015072-4 | |
| 100 | @a20070929d km y0chiy0120 ea | |
| 101 | 0 | @achi |
| 200 | 1 | @a药物分子设计@Ayao wu fen zi she ji@f郭宗儒 著@Fguo zong ru zhu |
| 210 | @a北京@c科学出版社@d2005 | |
| 215 | @c插图@d26cm | |
| 606 | 0 | @a药理学 |
| 690 | @aR962@v3 | |
| 701 | 0 | @a郭宗儒@Aguo zong ru@4著 |
| 801 | 0 | @aCN@bPFT@c20070929 |
| 905 | @a213230@dR962@eh52@f1 | |
| 药物分子设计/郭宗儒 著.-北京:科学出版社,2005 |
| 插图;26cm |
| ISBN 7-03-015072-4: |
| ● |
| 相关链接 |
|
|
|
|
正题名:药物分子设计
索取号:R962/h52
 
预约/预借
| 序号 | 登录号 | 条形码 | 馆藏地/架位号 | 状态 | 备注 |
| 1 | 6002582 | 260025822 | 密集书库-化学系/ [索取号:R962/h52] | 在馆 |